[Event "FAI-ch"]
[Site "Faroe Islands"]
[Date "1997.??.??"]
[Round "?"]
[White "Nolsoe, Rani"]
[Black "Joensen, Niclas M"]
[Result "1-0"]
[WhiteElo "2150"]
[BlackElo "1805"]
[PlyCount "89"]
[EventDate "1997.??.??"]
[EventType "tourn"]
[EventRounds "9"]
[EventCountry "FAI"]
[SourceTitle "EXT 2006"]
[Source "ChessBase"]
[SourceDate "2005.11.24"]
[SourceVersion "1"]
[SourceVersionDate "2005.11.24"]
[SourceQuality "1"]

1. e4 g6 2. d4 Bg7 3. Nc3 d6 4. f4 Nd7 5. Nf3 a6 6. Bd3 b5 7. Be3 c5 8. 0-0 Bb7 9. e5 Nh6 10. h3 Qc7 11. exd6 exd6 12. Be4 Bxe4 13. Nxe4 Nf5 14. Bf2 0-0 15. c3 Rfe8 16. Re1 Re7 17. g4 Rae8 18. Qd3 c4 19. Qc2 d5 20. Neg5 Ne3 21. Bxe3 Rxe3 22. Rxe3 Rxe3 23. Qd2 Qxf4 24. Kf2 Rxf3+ 25. Nxf3 Qd6 26. g5 Nf8 27. Re1 Ne6 28. Ne5 f6 29. gxf6 Bxf6 30. Kg1 Ng5 31. Qe3 Ne4 32. Qf4 Qe6 33. Ng4 g5 34. Nxf6+ Qxf6 35. Qxf6 Nxf6 36. Re6 Kf7 37. Rxa6 Kg6 38. Rb6 Kf5 39. Rxb5 h5 40. Rb8 g4 41. Rf8 Kg5 42. Rxf6 Kxf6 43. hxg4 hxg4 44. Kg2 Ke6 45. Kg3 1-0